1999 Annual book of ASTM standards volume-14.02 : general methods & instrumentation (Record no. 550565)
[ view plain ]
| 000 -LEADER | |
|---|---|
| fixed length control field | 00475nam a22001457a 4500 |
| 020 ## - INTERNATIONAL STANDARD BOOK NUMBER | |
| International Standard Book Number | 080312712X |
| 082 ## - DEWEY DECIMAL CLASSIFICATION NUMBER | |
| Classification number | 624.0287 |
| Author Mark | AME |
| -- | N, P-21 |
| 100 ## - MAIN ENTRY--PERSONAL NAME | |
| Personal name | ASTM |
| 9 (RLIN) | 25089 |
| 245 ## - TITLE STATEMENT | |
| Title | 1999 Annual book of ASTM standards volume-14.02 : general methods & instrumentation |
| Remainder of title | Temperature Measurement |
| Statement of responsibility, etc. | ASTM |
| 260 ## - PUBLICATION, DISTRIBUTION, ETC. | |
| Place of publication, distribution, etc. | West Conshohocken; |
| Name of publisher, distributor, etc. | ASTM, |
| Date of publication, distribution, etc. | 1999. |
| 300 ## - PHYSICAL DESCRIPTION | |
| Extent | xvii, 1000 p. |
| Other physical details | ill. |
| Dimensions | 28 cm. |
| 526 ## - STUDY PROGRAM INFORMATION NOTE | |
| Program name | 0 |
| Interest level | 0 |
| Reading level | 0 |
| Title point value | 624_028700000000000_AME |
| 650 ## - SUBJECT ADDED ENTRY--TOPICAL TERM | |
| Topical term or geographic name entry element | NUST |
| 9 (RLIN) | 6342 |
| 942 ## - ADDED ENTRY ELEMENTS (KOHA) | |
| Source of classification or shelving scheme | |
| Koha item type | Book |
| Withdrawn status | Lost status | Source of classification or shelving scheme | Damaged status | Not for loan | Permanent Location | Current Location | Date acquired | Total Checkouts | Full call number | Barcode | Date last seen | Copy number | Price effective from | Koha item type |
|---|---|---|---|---|---|---|---|---|---|---|---|---|---|---|
| Military College of Engineering (MCE) | Military College of Engineering (MCE) | 11/14/2014 | 624.0287 AME | MCE-044139 | 11/14/2014 | Vol-14.02 | 11/14/2014 | Book |
